LEADER 00988nam a2200229 i 4500 001 000000171827 003 CaOOAMICUS 005 20080515000000.0 008 080515s1970 it u000 u ita u 013 $a149259 040 $aSeMil$bita 100 1 $aSainte-Beuve, Charles Augustin : de,$d<1804-1869>.$0(OLS)http://semarc/name/8933 240 10$aPortraits de femmes.$0(OLS)http://semarc/title/245908 245 10$aRitratti di donne /$cSainte-Beuve ; A cura di Petre Ciureanu. 260 $aTorino :$bUnione Tipografico-Editrice Torinese,$cstampa 1970. 300 $a652 p., [1] p. di ritratto ;$c19 cm. 500 $aContiene : Nota bibliografica. 700 1 $aCiureanu, Petre.$0(OLS)http://semarc/name/6353 850 $aSeMil 852 $aSeMil$W1$xVenegono$y1$m1W III 136$j122691$B122691$CSeMilBibl$Z2$F134078 $81 996 $6245$aRitratti di donne$9(OLS)http://semarc/title/86949 996 $6260$aTorino :$bUnione Tipografico-Editrice Torinese$9(OLS)http://semarc/publisher/29628 LEADER 01052nam a2200229 i 4500 001 000000222757 003 CaOOAMICUS 005 20130925000000.0 008 130925s2010 it u000 u ita u 013 $a201654 040 $aSeMil$bita 100 1 $aGiurisato, Giorgio .$0(OLS)http://semarc/name/90376 245 13$a[I segni di divisione del Codex B nei vangeli /$cGiorgio Giurisato, Gaetano Massimo Carlino]. 260 $a[S.l. :$bs.n.],$c2010. 300 $aP. 138-154, 536-541 :$bill. ;$c24 cm. 500 $aLiber Annuus 60 (2010). 650 4$aCittą del Vaticano - Biblioteca Apostolica Vaticana - Manoscritti - Vaticano Greco 1209 .$0(OLS)http://semarc/subject/23832 700 1 $aCarlino, Gaetano Massimo.$0(OLS)http://semarc/name/77777 850 $aSeMil 852 $aSeMil$W1$xVenegono$y1$m5D VII 20/6$j173103$B173103$CSeMilBibl$Z2$F183400 $81 996 $6245$a[I segni di divisione del Codex B nei vangeli$9(OLS)http://semarc/title/319386 996 $6260$a[S.l. :$bs.n.]$9(OLS)http://semarc/publisher/29751